Sports Quiz

Random Sports or MLB Quiz

Baltimore Orioles Opening Day Starting Pitchers Quiz Stats

 Plays Quiz Updated Apr 1, 2019

Score 0/107 Timer 13:00
3 Plays Today
Year Starter % Correct
1974Jim Palmer
87.5%
1976Jim Palmer
87.5%
1977Jim Palmer
87.5%
1979Jim Palmer
87.5%
1980Jim Palmer
87.5%
1975Jim Palmer
86.7%
1994Mike Mussina
76.6%
1995Mike Mussina
76.6%
1996Mike Mussina
76.6%
1998Mike Mussina
76.6%
1999Mike Mussina
76.6%
2000Mike Mussina
76.6%
2014Chris Tillman
49.2%
2015Chris Tillman
49.2%
2016Chris Tillman
49.2%
1970Davd McNally
48.5%
2018Dylan Bundy
48.4%
1967Dave McNally
48.3%
1969Dave McNally
48.3%
1971Dave McNally
48.3%
1973Dave McNally
48.3%
1958Connie Johnson
48.1%
1978Mike Flanagan
46.4%
1986Mike Flanagan
46.4%
1982Dennis Martinez
42.8%
1983Dennis Martinez
42.8%
1981Steve Stone
41.3%
2017Kevin Gausman
39.7%
1987Mike Boddicker
35.8%
1988Mike Boddicker
35.8%
2019Andrew Cashner
33.5%
2007Érik Bédard
33.4%
1984Scott McGregor
33.3%
1985Storm Davis
32.5%
2004Sidney Ponson
32.1%
1972Pat Dobson
29.4%
Year Starter % Correct
2012Jake Arrieta
27.6%
2002Scott Erickson
27.6%
2003Rodrigo Lopez
27.5%
2005Rodrigo López
27.5%
2006Rodrigo López
27.5%
1997Jimmy Key
25.9%
1957Hal Brown
24.2%
2008Jeremy Guthrie
24%
2009Jeremy Guthrie
24%
2011Jeremy Guthrie
24%
1992Rick Sutcliffe
21%
1993Rick Sutcliffe
21%
2010Kevin Millwood
17.9%
1961Milt Pappas
17.8%
1964Milt Pappas
17.5%
1963Steve Barber
14.6%
1965Steve Barber
14.4%
1966Steve Barber
14.2%
1991Jeff Ballard
14%
2013Jason Hammel
13.6%
2001Pat Hentgen
13.2%
1990Bob Milacki
13.1%
1921Urban Shocker
10.7%
1922Urban Shocker
10.7%
1923Urban Shocker
10.7%
1924Urban Shocker
10.7%
1960Jerry Walker
9.7%
1968Tom Phoebus
9.5%
1931Lefty Stewart
9.1%
1932Lefty Stewart
9.1%
1989Dave Schmidt
8.7%
1954Don Larsen
8.5%
1949Ned Garver
8.1%
1950Ned Garver
8.1%
1951Ned Garver
8.1%
1952Ned Garver
8.1%
Year Starter % Correct
1935Bobo Newsom
8.1%
1938Bobo Newsom
8.1%
1939Bobo Newsom
8.1%
1928Sam Gray
5.8%
1929Sam Gray
5.8%
1930Sam Gray
5.8%
1953Virgil Trucks
4.9%
1913Carl Weilman
4.6%
1914Carl Weilman
4.6%
1915Carl Weilman
4.6%
1962Billy Hoeft
4.5%
1917Earl Hamilton
4.3%
1925Bullett Joe Bush
4.1%
1947Denny Galehouse
4%
1946Nels Potter
3.9%
1936Ivy Andrews
3.7%
1956Bill Wight
3.7%
1948Fred Sanford
3.5%
1959Jack Harshman
3.4%
1918Grover Lowdermilk
3.4%
1916Bob Groom
3.4%
1919Dave Davenport
3.3%
1944Jack Kramer
3.2%
1955Lou Kretlow
3.1%
1934George Blaeholder
3.1%
1942Bob Muncrief
3%
1945Sig Jakucki
2.9%
1941Elden Auker
2.8%
1926Milt Gaston
2.8%
1927Tom Zachary
2.7%
1920Allan Sothoron
2.7%
1933Bump Hadley
2.6%
1940Slick Coffman
2.5%
1943Al Hollingsworth
2.4%
1937Oral Hildebrand
2.3%

You're not logged in!

Compare scores with friends on all Sporcle quizzes.
OR
Log In

You Might Also Like...

Show Comments

Extras

Top Quizzes Today


Score Distribution

Your Account Isn't Verified!

In order to create a playlist on Sporcle, you need to verify the email address you used during registration. Go to your Sporcle Settings to finish the process.

Report this User

Report this user for behavior that violates our Community Guidelines.

Details: